000 00444nam a22001697a 4500
003 BD-ChCU
005 20251124131748.0
008 251124b bg ||||| |||| 00| 0 ben d
040 _cBD-ChCU
082 _a574 SPS
100 _aSpotte , Stephen .
_916780
245 _aSecrets of the deep ./
_cStephen , Spotte.
260 _aNew york :
_bCharles Scribner ,
_cC 1976
300 _ax, 143p
650 0 _aBiology
_916781
942 _2ddc
_cBK
_n0
999 _c109769
_d109769